000 00560cam a2200217 4500
008 090401t1984 xxu||||| |||| 00| 0 eng d
020 _a0419119507
035 _a(Sirsi) u41020
041 _aeng
050 _a333.33
100 _aByrne, Peter
245 _aRisk, uncertainty and decision-making in property development
260 _aLondon
_bE. and F.N. Spon
_c1984
300 _aviii,184p. ; 22cm.
350 _a21.5
650 _aPROPERTY INVESTMENT
650 _aRISK ANALYSIS
700 _aCadman, David
942 _n0
948 _c04/03/1997
999 _c90899
_d90899